000
00306nam a22001457a 4500
003
SGT
020
_a
97893943644707
082
_a
346.066
_b
SIN
100
_a
SINGH AVTAR
245
_a
COMPANY LAW
250
_a
16
260
_a
LUCKNOW
_b
EASTERN BOOK COMPANY
_c
2023
300
_a
794
942
_2
ddc
_c
BK
_0
15
999
_c
25745
_d
25745